00791nam a2200193 a 450000100100000000500170001000800410002704000250006810000480009324500640014125000110020526000610021630000210027749000340029859000760033265000220040895201500043099900170058000003514520250520113530.0111025s1955 ag 000 0 spa d aDO-SdBNPbspacBNPHU1 aMira y López, Emilio,d1896 - 196493521810aProblemas psicológicos actuales /cEmilio Mira y López. a5. ed. aBuenos Aires :bLibrería "El Ateneo" Editorial,c1955. a240 p. ;c20 cm.0 aColección cultura universal aPerteneció a la biblioteca personal de Juan Isidro Jimenes Grullón.20aPsicología9152 0010507-18MOaGRbGRcOId2011-10-25iLF1l0o p35145-10r2020-06-25w2020-06-25y1zBiblioteca Juan Isidro Jiménes GrullónZNo se presta c34636d34636